Geography by Picture - C - Statistics

General Stats
  • This quiz has been taken 56,971 times
    56,924 since last reset
  • The average score is 13 of 18
Answer Stats
Picture Hint Answer % Correct
country China
96%
state California
94%
landmark Colosseum
93%
country Cyprus
92%
country Canada
88%
type of man-made feature Canal
85%
"sea" Caspian Sea
84%
country Cuba
83%
type of landform Canyon
79%
city Chicago
77%
region Catalonia
67%
country Croatia
64%
building CN Tower
55%
island Crete
55%
landmark {Chichen} Itza
50%
city Copenhagen
42%
city Cape Town
35%
city Chengdu
26%
No matching quizzes found
Score Distribution
Percent of People with Each Score
Percentile by Number Answered
Your Score History
You have not taken this quiz since the last reset